Escarabeidos de Latinoamérica (Registro nro. 3522)

Detalles MARC
000 -CABECERA
Campo de control 00488nam a2200169 a 4500
090 ## - CLASIFICACIÓN LOCAL
Colección LB
Consecutivo 03305
041 ## - IDIOMA
Código de idioma para texto/pista de sonido o título separado Español
245 ## - MENCION DE TITULO
Título Escarabeidos de Latinoamérica
Parte restante del título estado del conocimiento
260 ## - PUBLICACION, DISTRIBUCION, ETC. (PIE DE IMPRENTA)
Lugar de publicación, distribución, etc. Zaragoza
Nombre del editor, distribuidor, etc. S. E. A.
Fecha de publicación, distribución, etc. 2003
300 ## - DESCRIPCION FISICA
Extensión 86 p.
700 ## - ASIENTO SECUNDARIO - NOMBRE PERSONAL
Nombre personal Onore, Giovanni
700 ## - ASIENTO SECUNDARIO - NOMBRE PERSONAL
Nombre personal Reyes Castillo, Pedro
700 ## - ASIENTO SECUNDARIO - NOMBRE PERSONAL
Nombre personal Zunino, E. Mario
942 ## - ELEMENTOS ADICIONALES (KOHA)
Tipo de ítem
945 ## - PROCESAMIENTO LOCAL
AAAA-MM-DD - Fecha de ingreso o modificacion 2003-12-03
Existencias
Withdrawn status Lost status Sistema de Clasificación Damaged status No para préstamo Colección Inventariado Ubicación Permanente Ubicación actual Fecha de adquisición Fuente de Valor Total Checkouts Número topográfico Inventario / Código de Barras Date last seen Ejemplar Price effective from Forma de adquisición Tipo de material
    Local     Entomología Inventariado 2017 Villa de Leyva Villa de Leyva 13/10/2017 Pensoft   LB-3305 014881 13/10/2017 Ej. 1 13/10/2017 Donación Libro